000 00538nam a22001817a 4500
005 20251108170855.0
008 250721s1997 xx 000 0 ara d
082 1 4 _aط/812.9565/طه
100 1 _aالفتياني، طه
245 1 0 _aحبيب رمان /
264 1 _aعمان :
_bدار طوباس للنشر و التوزيع،
_c1997.
300 _a36ص
490 0 _aمسرح الطفل الشعبي
650 1 7 _aالمسرحية الأردنية
650 1 7 _aمسرح الأطفال
942 _2ddc
_cBK
999 _c51060
_d51060